000
00338 a2200157 4500
001
61023
020
_a
040
_c
Anchieta - Pituba
100
_a
Durigan, Jesus Antônio
240
1
0
_a
Alexandre Herculano
_l
por
245
1
0
_a
Alexandre Herculano
300
_a
108
362
0
_a
1982
650
4
_a
Análise e crítica
942
_c
BK
999
_c
61023
_d
61023